Städtebau /

Guardado en:
Detalles Bibliográficos
Autor principal: Froriep, Siegfried (edición)
Otros autores: Halstenberg, Friedrich (edición) (edición), Wolff, Josef (edición) (edición)
Formato: Libro
Idioma:Alemán
Publicado: Hamburgo, Alemania : Deutschen Verband für Wohnungswesen, 1959, c1959
Etiquetas: Agrega una etiqueta
Sin etiquetas, Sé el primero en etiquetar este registro!

MARC

LEADER 00000nam^a2200000^a^4500
001 000559719
005 20250526000000.0
009 20260310131847.093
037 |a Acervo ITESO - Biblioteca 
041 |a ALE 
091 |a FHA. 02512 
100 |a Froriep, Siegfried  |e (edición) 
245 1 0 |a Städtebau / 
264 4 |a Hamburgo, Alemania :  |b Deutschen Verband für Wohnungswesen,  |c 1959, c1959 
300 |a 94 p. ;  |c 18.0 cm. 
336 |a texto  |b txt  |2 rdacontenido 
337 |a sin mediación  |b n  |2 rdamedio 
338 |a volumen  |b nc  |2 rdasoporte 
515 |a Inventario familia Hartung: 3471 
649 |a XX 
700 |a Halstenberg, Friedrich  |e (edición) 
700 |a Wolff, Josef  |e (edición) 
910 |a Fondo Horst Hartung Franz 
920 |a Impresos - Libros 
930 |a Libros Antiguos y Raros 
905 |a 135 
901 |a 0500330248  |b IT2  |c LRA  |i D  |u 20250526 
902 |a https://opac.biblio.iteso.mx/vufind/Record/000559719